00532 2200193 4500001002100000005001500021035002000036007000300056008004100059020002000100082001000120084001600130100001800146245005700164260004400221300004700265650001000312990001600322INLIS00000000000036520221026104752 a0010-1022000107ta221026 b 0 ind  a978-979- 4542-9 a574.4 a574.4 SOO w0 aSoon Bong Heo1 aWhy? :bThe Human Body (Tubuh Kita) /cSoon Bong Heo aJakarta :bElex Media Komputindo,c2009 a159 halaman :bilustrasi berwarna ;c24 cm 4aSains a00000000463